[Event "ETCC Open 2023"]
[Site "Budva"]
[Date "2023.11.17"]
[Round "6.10"]
[White "Bogner, Sebastian"]
[Black "Tari, Aryan"]
[Result "*"]
[WhiteElo "2536"]
[BlackElo "2620"]
[Annotator "TA"]
[PlyCount "84"]
[EventDate "2023.11.10"]
[EventType "team-tourn"]
[EventCountry "MNE"]
[SourceTitle "playchess.com"]
[Source "ChessBase"]
[SourceQuality "1"]
[WhiteTeam "Switzerland"]
[BlackTeam "Norway"]
[WhiteTeamCountry "SUI"]
[BlackTeamCountry "NOR"]

1. Nf3 d5 2. d4 Nf6 3. c4 e6 4. g3 Bb4+ 5. Bd2 Be7 6. Bg2 O-O 7. O-O c6 8. Qc2 Nbd7 9. Bf4 a5 10. Rd1 a4 11. Nbd2 Nh5 12. Be3 f5 13. Nf1 g5 14. Bd2 Ng7 15. Ne1 b5 16. cxd5 cxd5 17. Nd3 Bb7 18. Bb4 Bxb4 19. Nxb4 Ne8 20. Rac1 Qe7 21. Nd3 Nd6 22. e3 Rfc8 23. Qe2 Qe8 24. Nd2 Rxc1 25. Rxc1 Rc8 26. Nc5 b4 27. Nf3 g4 28. Ne1 Nxc5 29. dxc5 Nf7 30. Qd2 Ba6 31. Qxb4 Rb8 32. Qc3 Bc4 33. Nd3 Bxa2 34. Qf6 Bc4 35. Nf4 Nd8 36. e4 fxe4 37. Bxe4 Qf7 38. Qe5 Rc8 39. Nh5 Nc6 40. Nf6+ Kh8 41. Qc3 Qg7 42. Bc2 e5 *

[Event "ETCC Open 2023"]
[Site "Budva"]
[Date "2023.11.17"]
[Round "6.11"]
[White "Amar, Elham"]
[Black "Pelletier, Yannick"]
[Result "*"]
[WhiteElo "2584"]
[BlackElo "2505"]
[Annotator "RC"]
[PlyCount "96"]
[EventDate "2023.11.10"]
[EventType "team-tourn"]
[EventCountry "MNE"]
[SourceTitle "playchess.com"]
[Source "ChessBase"]
[SourceQuality "1"]
[WhiteTeam "Norway"]
[BlackTeam "Switzerland"]
[WhiteTeamCountry "NOR"]
[BlackTeamCountry "SUI"]

1. e4 e6 2. d4 d5 3. e5 c5 4. c3 Nc6 5. Nf3 Bd7 6. Be2 Nge7 7. Na3 cxd4 8. cxd4 Nf5 9. Nc2 Nb4 10. O-O Nxc2 11. Qxc2 Qb6 12. Qd3 a6 13. Bd2 Be7 14. a4 h5 15. h3 a5 16. g4 hxg4 17. hxg4 Nh4 18. Nxh4 Rxh4 19. Kg2 O-O-O 20. Rh1 Rdh8 21. Rxh4 Rxh4 22. b3 Bc6 23. Rh1 Rxh1 24. Kxh1 g6 25. Kg2 Bb4 26. Be3 Qd8 27. Bf4 Qh4 28. Qe3 Kd7 29. Bg5 Qh8 30. Qf3 Ke8 31. Bd3 Be7 32. Bd2 Bd8 33. Be2 Kf8 34. Qc3 Qh4 35. Qc5+ Qe7 36. Qxe7+ Kxe7 37. Bg5+ Ke8 38. Bxd8 Kxd8 39. Kg3 g5 40. f4 Ke7 41. fxg5 Kf8 42. Kf4 Kg7 43. Bd3 b6 44. g6 fxg6 45. Kg5 Be8 46. Bb5 Bf7 47. Bd7 Bg8 48. Be8 Bh7 *

[Event "ETCC Open 2023"]
[Site "Budva"]
[Date "2023.11.17"]
[Round "6.12"]
[White "Kurmann, Oliver"]
[Black "Kaasen, Tor Fredrik"]
[Result "*"]
[WhiteElo "2436"]
[BlackElo "2471"]
[Annotator "RC"]
[PlyCount "87"]
[EventDate "2023.11.10"]
[EventType "team-tourn"]
[EventCountry "MNE"]
[SourceTitle "playchess.com"]
[Source "ChessBase"]
[SourceQuality "1"]
[WhiteTeam "Switzerland"]
[BlackTeam "Norway"]
[WhiteTeamCountry "SUI"]
[BlackTeamCountry "NOR"]

1. e4 c5 2. Nf3 d6 3. d4 cxd4 4. Nxd4 Nf6 5. Nc3 a6 6. Be3 e5 7. Nf3 Be7 8. h3 b6 9. a4 Bb7 10. Nd2 Nbd7 11. Bc4 O-O 12. O-O Nc5 13. Bxc5 dxc5 14. Qe2 Qc7 15. Rfd1 g6 16. Nf1 Kg7 17. Ne3 Rfd8 18. Ned5 Bxd5 19. exd5 a5 20. Re1 e4 21. Nxe4 Nxd5 22. Rad1 Nf4 23. Qf3 Rxd1 24. Rxd1 Rd8 25. Qc3+ f6 26. Re1 Rd4 27. b3 f5 28. Nd2 Bf6 29. Qe3 Bg5 30. Nf1 Nxg2 31. Qe5+ Qxe5 32. Rxe5 Nf4 33. Kh2 Nd3 34. Re2 Ne5 35. Bb5 c4 36. Kg2 cxb3 37. cxb3 Kf6 38. Rc2 h5 39. Rc7 h4 40. Rb7 Rd6 41. Nh2 Bc1 42. Nf3 g5 43. Nxe5 Kxe5 44. Rd7 *

[Event "ETCC Open 2023"]
[Site "Budva"]
[Date "2023.11.17"]
[Round "6.13"]
[White "Van Foreest, Jorden"]
[Black "Vitiugov, Nikita"]
[Result "0-1"]
[WhiteElo "2700"]
[BlackElo "2712"]
[Annotator "TA"]
[PlyCount "52"]
[EventDate "2023.11.10"]
[EventType "team-tourn"]
[EventCountry "MNE"]
[SourceTitle "playchess.com"]
[Source "ChessBase"]
[SourceQuality "1"]
[WhiteTeam "Netherlands"]
[BlackTeam "England"]
[WhiteTeamCountry "NED"]
[BlackTeamCountry "ENG"]

1. c4 Nf6 2. Nc3 e5 3. Nf3 Nc6 4. Qc2 g6 5. g3 Bg7 6. Bg2 O-O 7. d3 d6 8. O-O Bg4 9. e3 Qd7 10. a3 Bh3 11. b4 Nh5 12. Bb2 Bxg2 13. Kxg2 f5 14. Rae1 Nd8 15. d4 e4 16. Nd2 Nf7 17. b5 Rae8 18. a4 Ng5 19. Rg1 f4 20. exf4 Nxf4+ 21. gxf4 Rxf4 22. Re3 Bxd4 23. Kh1 Bxe3 24. Nd1 Rh4 25. Nf1 Bf4 26. Nde3 Qh3 0-1

[Event "ETCC Open 2023"]
[Site "Budva"]
[Date "2023.11.17"]
[Round "6.14"]
[White "Howell, David W L"]
[Black "Warmerdam, Max"]
[Result "1-0"]
[WhiteElo "2676"]
[BlackElo "2638"]
[Annotator "TA"]
[PlyCount "149"]
[EventDate "2023.11.10"]
[EventType "team-tourn"]
[EventCountry "MNE"]
[SourceTitle "playchess.com"]
[Source "ChessBase"]
[SourceQuality "1"]
[WhiteTeam "England"]
[BlackTeam "Netherlands"]
[WhiteTeamCountry "ENG"]
[BlackTeamCountry "NED"]

1. e4 c5 2. Nf3 d6 3. d4 cxd4 4. Nxd4 Nf6 5. Nc3 Nc6 6. Bb5 Bd7 7. Be3 g6 8. f3 Bg7 9. Qd2 O-O 10. O-O-O Qc7 11. Kb1 Rfc8 12. g4 Nxd4 13. Bxd4 Bxb5 14. Nxb5 Qd7 15. Qd3 Qe6 16. Rhe1 Nd7 17. b3 Bxd4 18. Nxd4 Qf6 19. Qe3 Rc5 20. f4 Rac8 21. g5 Qg7 22. c4 a6 23. h4 b5 24. cxb5 axb5 25. Rc1 b4 26. Ne2 h5 27. Qd2 Rb8 28. e5 Rb6 29. Ng3 Qf8 30. exd6 Rxd6 31. Qxb4 Rb6 32. Qd4 Rd6 33. Qb4 Rb6 34. Qd4 Rd6 35. Qe3 Re6 36. Qd2 Rd6 37. Qe3 Re6 38. Qf2 Rec6 39. f5 Rxc1+ 40. Rxc1 Rxc1+ 41. Kxc1 Qc8+ 42. Kb2 Qb8 43. Qe3 Ne5 44. Qc3 Qd6 45. fxg6 Nd3+ 46. Kc2 Nb4+ 47. Kb2 Nd3+ 48. Kc2 Nb4+ 49. Kb1 Qxg6+ 50. Kb2 Qd6 51. Ne4 Qh2+ 52. Qd2 Qe5+ 53. Nc3 e6 54. a3 Nd5 55. b4 Nxc3 56. Qxc3 Qh2+ 57. Kb3 Qxh4 58. b5 Qe4 59. b6 h4 60. Qc8+ Kh7 61. b7 Qd3+ 62. Kb4 Qd4+ 63. Kb5 Qd5+ 64. Kb6 Qd6+ 65. Kb5 Qd5+ 66. Kb6 Qd6+ 67. Qc6 Qd8+ 68. Qc7 Qd4+ 69. Ka5 Qd5+ 70. Kb6 Qd4+ 71. Qc5 Qd8+ 72. Ka7 Qd7 73. Ka6 Qd8 74. Qc2+ Kg7 75. Qb2+ 1-0

[Event "ETCC Open 2023"]
[Site "Budva"]
[Date "2023.11.17"]
[Round "6.15"]
[White "Bok, Benjamin"]
[Black "Adams, Michael"]
[Result "1/2-1/2"]
[WhiteElo "2621"]
[BlackElo "2670"]
[Annotator "TA"]
[PlyCount "85"]
[EventDate "2023.11.10"]
[EventType "team-tourn"]
[EventCountry "MNE"]
[SourceTitle "playchess.com"]
[Source "ChessBase"]
[SourceQuality "1"]
[WhiteTeam "Netherlands"]
[BlackTeam "England"]
[WhiteTeamCountry "NED"]
[BlackTeamCountry "ENG"]

1. d4 Nf6 2. c4 e6 3. g3 d5 4. Bg2 Bb4+ 5. Nd2 O-O 6. Ngf3 b6 7. O-O Bb7 8. b3 Nbd7 9. Bb2 Be7 10. Rc1 c5 11. e3 a5 12. Ne5 cxd4 13. Bxd4 Nxe5 14. Bxe5 Rc8 15. Qf3 Nd7 16. Bd4 Bf6 17. Qg4 e5 18. Ba1 e4 19. cxd5 Bxa1 20. Rxc8 Qxc8 21. Rxa1 f5 22. Qd1 Bxd5 23. Rc1 Nc5 24. Bf1 Rd8 25. Qc2 h6 26. Nc4 Bxc4 27. Bxc4+ Kh7 28. Rd1 g6 29. Kg2 h5 30. h4 Rxd1 31. Qxd1 Qd7 32. Qa1 b5 33. Be2 Qd2 34. Qf6 Qxe2 35. Qf7+ Kh8 36. Qf8+ Kh7 37. Qf7+ Kh8 38. Qf8+ Kh7 39. Qe7+ Kg8 40. Qe8+ Kg7 41. Qe7+ Kg8 42. Qe8+ Kg7 43. Qe7+ 1/2-1/2

[Event "ETCC Open 2023"]
[Site "Budva"]
[Date "2023.11.17"]
[Round "6.16"]
[White "McShane, Luke J"]
[Black "Vrolijk, Liam"]
[Result "*"]
[WhiteElo "2626"]
[BlackElo "2569"]
[Annotator "TA"]
[PlyCount "90"]
[EventDate "2023.11.10"]
[EventType "team-tourn"]
[EventCountry "MNE"]
[SourceTitle "playchess.com"]
[Source "ChessBase"]
[SourceQuality "1"]
[WhiteTeam "England"]
[BlackTeam "Netherlands"]
[WhiteTeamCountry "ENG"]
[BlackTeamCountry "NED"]

1. e4 e5 2. Nf3 Nc6 3. Bc4 Nf6 4. d3 Bc5 5. Nc3 a6 6. h3 d6 7. a4 Be6 8. O-O h6 9. Bxe6 fxe6 10. Be3 O-O 11. Bxc5 dxc5 12. a5 b5 13. axb6 cxb6 14. Ne2 b5 15. c3 Rf7 16. Qd2 Rd7 17. Qe3 Rxd3 18. Qxc5 Qd6 19. Qxd6 Rxd6 20. Ng3 a5 21. Rfd1 Rad8 22. Rxd6 Rxd6 23. Kf1 Nd7 24. Ke2 Nc5 25. Rd1 Rxd1 26. Kxd1 b4 27. cxb4 axb4 28. Nd2 Nd3 29. Nc4 Nf4 30. Ne3 Nd4 31. f3 Kf7 32. Ngf1 h5 33. h4 Kf6 34. g3 Nd3 35. Nc4 Nc5 36. Nfd2 Nd3 37. Nf1 Nc5 38. Nh2 g6 39. Kd2 Ncb3+ 40. Ke3 Nc6 41. g4 Nc5 42. g5+ Ke7 43. Nf1 Kd7 44. Ng3 Ke7 45. Ne2 Nd7 *

[Event "ETCC Open 2023"]
[Site "Budva"]
[Date "2023.11.17"]
[Round "6.17"]
[White "Predke, Alexandr"]
[Black "Martirosyan, Haik M."]
[Result "1-0"]
[WhiteElo "2661"]
[BlackElo "2708"]
[Annotator "TA"]
[PlyCount "99"]
[EventDate "2023.11.10"]
[EventType "team-tourn"]
[EventCountry "MNE"]
[SourceTitle "playchess.com"]
[Source "ChessBase"]
[SourceQuality "1"]
[WhiteTeam "Serbia"]
[BlackTeam "Armenia"]
[WhiteTeamCountry "SRB"]
[BlackTeamCountry "ARM"]

1. d4 Nf6 2. c4 e6 3. Nf3 d5 4. Nc3 Nbd7 5. cxd5 exd5 6. Bg5 Bb4 7. e3 h6 8. Bh4 g5 9. Bg3 Ne4 10. Qc2 h5 11. h4 Nxg3 12. fxg3 gxh4 13. gxh4 Qe7 14. Bd3 Nf6 15. O-O c6 16. e4 Bxc3 17. bxc3 Nxe4 18. Bxe4 dxe4 19. Ng5 f5 20. Qb3 b6 21. a4 Rf8 22. a5 b5 23. a6 Qd6 24. c4 Be6 25. d5 cxd5 26. cxd5 Bxd5 27. Qxb5+ Qc6 28. Qe2 Ke7 29. Rab1 Rab8 30. Qe3 Rb6 31. Qd4 Qd6 32. Rbd1 Bf7 33. Qe3 Bd5 34. Qc3 Rf6 35. Qa5 Rxa6 36. Qxd5 Qxd5 37. Rxd5 Ra3 38. Rdxf5 Rxf5 39. Rxf5 e3 40. Nf3 a5 41. Rxh5 a4 42. Re5+ Kf6 43. h5 Rc3 44. h6 a3 45. h7 Kg7 46. Re7+ Kh8 47. Ne5 Rc1+ 48. Kh2 Rc6 49. Nxc6 a2 50. Ne5 1-0

[Event "ETCC Open 2023"]
[Site "Budva"]
[Date "2023.11.17"]
[Round "6.18"]
[White "Sargissian, Gabriel"]
[Black "Sarana, Alexey"]
[Result "1/2-1/2"]
[WhiteElo "2686"]
[BlackElo "2669"]
[Annotator "TA"]
[PlyCount "68"]
[EventDate "2023.11.10"]
[EventType "team-tourn"]
[EventCountry "MNE"]
[SourceTitle "playchess.com"]
[Source "ChessBase"]
[SourceQuality "1"]
[WhiteTeam "Armenia"]
[BlackTeam "Serbia"]
[WhiteTeamCountry "ARM"]
[BlackTeamCountry "SRB"]

1. d4 Nf6 2. c4 e6 3. Nf3 d5 4. Nc3 c5 5. cxd5 Nxd5 6. e4 Nxc3 7. bxc3 cxd4 8. cxd4 Bb4+ 9. Bd2 Bxd2+ 10. Qxd2 O-O 11. Rd1 b6 12. Qe3 Qe7 13. Bd3 Bb7 14. O-O Nd7 15. e5 Rac8 16. Ng5 g6 17. Be4 Ba6 18. Rfe1 Bc4 19. Bf3 b5 20. Ne4 Rc7 21. a3 Kg7 22. Nd6 Nb6 23. Qd2 Rd8 24. Qa5 Qd7 25. Rc1 Qe7 26. Rcd1 Rdd7 27. g3 Nc8 28. Nxb5 Bxb5 29. Qxb5 Qxa3 30. Re3 Qe7 31. d5 exd5 32. Rxd5 Rxd5 33. Qxd5 Nb6 34. Qd4 Qc5 1/2-1/2

[Event "ETCC Open 2023"]
[Site "Budva"]
[Date "2023.11.17"]
[Round "6.19"]
[White "Indjic, Aleksandar"]
[Black "Sargsyan, Shant"]
[Result "0-1"]
[WhiteElo "2601"]
[BlackElo "2625"]
[Annotator "TA"]
[PlyCount "98"]
[EventDate "2023.11.10"]
[EventType "team-tourn"]
[EventCountry "MNE"]
[SourceTitle "playchess.com"]
[Source "ChessBase"]
[SourceQuality "1"]
[WhiteTeam "Serbia"]
[BlackTeam "Armenia"]
[WhiteTeamCountry "SRB"]
[BlackTeamCountry "ARM"]

1. Nf3 d5 2. e3 c5 3. b3 Nc6 4. Bb2 e6 5. d4 cxd4 6. exd4 Nge7 7. Bd3 g6 8. O-O Bg7 9. Re1 O-O 10. Nbd2 Nf5 11. c3 Qd6 12. a4 Rd8 13. Qe2 Bd7 14. b4 Rac8 15. b5 Na5 16. g4 Nh6 17. h3 f6 18. c4 dxc4 19. Nxc4 Nxc4 20. Bxc4 Re8 21. Qd3 Nf7 22. Ba3 Qf4 23. Re4 Qc7 24. d5 f5 25. dxe6 fxe4 26. exf7+ Kh8 27. fxe8=Q+ Bxe8 28. Qxe4 Bxa1 29. Bd5 Bf7 30. Bxb7 Re8 31. Qb1 Bf6 32. Bc6 Re2 33. Qd3 Ra2 34. Qe3 Kg8 35. Kg2 h5 36. Nd2 hxg4 37. hxg4 Qc8 38. Kf3 Be6 39. Kg2 Bf7 40. Kf3 Qd8 41. Ne4 Qd1+ 42. Kf4 Bd4 43. Qc1 Qxa4 44. Bd5 Rc2 45. Bxf7+ Kxf7 46. Qb1 Bxf2 47. Bb4 Rc4 48. Bd2 Qa3 49. Bc3 Qxc3 0-1

[Event "ETCC Open 2023"]
[Site "Budva"]
[Date "2023.11.17"]
[Round "6.20"]
[White "Ter-Sahakyan, Samvel"]
[Black "Markus, Robert"]
[Result "*"]
[WhiteElo "2618"]
[BlackElo "2582"]
[Annotator "TA"]
[PlyCount "87"]
[EventDate "2023.11.10"]
[EventType "team-tourn"]
[EventCountry "MNE"]
[SourceTitle "playchess.com"]
[Source "ChessBase"]
[SourceQuality "1"]
[WhiteTeam "Armenia"]
[BlackTeam "Serbia"]
[WhiteTeamCountry "ARM"]
[BlackTeamCountry "SRB"]

1. e4 e6 2. d4 d5 3. Nc3 Bb4 4. e5 c5 5. a3 Bxc3+ 6. bxc3 Ne7 7. Qg4 O-O 8. Bd3 f5 9. exf6 Rxf6 10. Bg5 Rf7 11. Qh5 g6 12. Qd1 Nbc6 13. Nf3 Qa5 14. Bd2 c4 15. Be2 Nf5 16. h4 h6 17. Kf1 Bd7 18. Kg1 Re8 19. Rh3 e5 20. dxe5 Nxe5 21. Nxe5 Rxe5 22. g4 Ng7 23. Bxh6 Ne6 24. Qd2 d4 25. Bxc4 Re4 26. Rg3 Qc5 27. Bxe6 Bxe6 28. cxd4 Rxd4 29. Qe3 Qd5 30. Re1 Bd7 31. Qg5 Qxg5 32. Bxg5 Rxg4 33. Rxg4 Bxg4 34. Kg2 Rc7 35. Re3 Bf5 36. c3 Kf7 37. Kg3 Be6 38. f3 Rc4 39. Bf4 Rc6 40. Rd3 Bf5 41. Re3 Be6 42. Be5 Ra6 43. Rd3 Rxa3 44. Rd8 *

[Event "ETCC Open 2023"]
[Site "Budva"]
[Date "2023.11.17"]
[Round "6.21"]
[White "Wojtaszek, Radoslaw"]
[Black "Erdos, Viktor"]
[Result "1/2-1/2"]
[WhiteElo "2668"]
[BlackElo "2557"]
[Annotator "TA"]
[PlyCount "60"]
[EventDate "2023.11.10"]
[EventType "team-tourn"]
[EventCountry "MNE"]
[SourceTitle "playchess.com"]
[Source "ChessBase"]
[SourceQuality "1"]
[WhiteTeam "Poland"]
[BlackTeam "Hungary"]
[WhiteTeamCountry "POL"]
[BlackTeamCountry "HUN"]

1. c4 e6 2. Nc3 d5 3. d4 Nf6 4. cxd5 exd5 5. Bg5 Be7 6. e3 h6 7. Bh4 Bg4 8. Qc2 O-O 9. h3 Be6 10. Nf3 Ne8 11. Bg3 Bd6 12. Ne5 Nc6 13. Nxc6 bxc6 14. Bxd6 cxd6 15. Bd3 c5 16. O-O Nf6 17. Rfd1 Qa5 18. Qa4 Qb6 19. Qa3 Rfc8 20. dxc5 dxc5 21. Rac1 c4 22. Be2 Rab8 23. Rd2 Qc5 24. Qa4 Rb4 25. Qd1 Qb6 26. Qe1 Qb7 27. Nd1 Rb8 28. Bf3 Qa6 29. Ra1 R4b5 30. Rd4 Kh8 1/2-1/2

[Event "ETCC Open 2023"]
[Site "Budva"]
[Date "2023.11.17"]
[Round "6.22"]
[White "Gledura, Benjamin"]
[Black "Teclaf, Pawel"]
[Result "*"]
[WhiteElo "2633"]
[BlackElo "2571"]
[Annotator "TA"]
[PlyCount "90"]
[EventDate "2023.11.10"]
[EventType "team-tourn"]
[EventCountry "MNE"]
[SourceTitle "playchess.com"]
[Source "ChessBase"]
[SourceQuality "1"]
[WhiteTeam "Hungary"]
[BlackTeam "Poland"]
[WhiteTeamCountry "HUN"]
[BlackTeamCountry "POL"]

1. c4 c6 2. Nf3 Nf6 3. Nc3 d5 4. e3 a6 5. d4 e6 6. a4 c5 7. Be2 Nc6 8. O-O cxd4 9. exd4 Be7 10. Ne5 dxc4 11. Nxc6 bxc6 12. Bxc4 a5 13. Be3 Ba6 14. Bxa6 Rxa6 15. Qe2 Ra8 16. Rac1 O-O 17. Rc2 Qb8 18. Qc4 Rc8 19. Rfc1 h6 20. g3 Qb7 21. Ne2 Nd5 22. Bd2 Bd6 23. Nc3 Nf6 24. Nd1 Ne4 25. Be3 Nf6 26. Bd2 Ne4 27. Qd3 c5 28. Be3 Rd8 29. Nc3 Nxc3 30. Qxc3 cxd4 31. Bxd4 Qe4 32. Qe3 Qb7 33. Rc6 Bf8 34. Qf4 Qb3 35. Rc7 f6 36. Qe4 Qd5 37. Qxd5 Rxd5 38. Bc3 Rb8 39. Rc4 Bd6 40. Re1 Be5 41. Bxe5 fxe5 42. Re2 Rd4 43. Rc7 e4 44. Ra7 Rxa4 45. Rc2 e3 *

[Event "ETCC Open 2023"]
[Site "Budva"]
[Date "2023.11.17"]
[Round "6.23"]
[White "Bartel, Mateusz"]
[Black "Kozak, Adam"]
[Result "1/2-1/2"]
[WhiteElo "2651"]
[BlackElo "2578"]
[Annotator "TA"]
[PlyCount "135"]
[EventDate "2023.11.10"]
[EventType "team-tourn"]
[EventCountry "MNE"]
[SourceTitle "playchess.com"]
[Source "ChessBase"]
[SourceQuality "1"]
[WhiteTeam "Poland"]
[BlackTeam "Hungary"]
[WhiteTeamCountry "POL"]
[BlackTeamCountry "HUN"]

1. e4 e5 2. Nf3 Nc6 3. d4 exd4 4. Nxd4 Nf6 5. Nxc6 bxc6 6. e5 Qe7 7. Qe2 Nd5 8. h4 Qe6 9. g3 d6 10. c4 Nb6 11. Bg2 dxe5 12. Nd2 Be7 13. b3 O-O 14. Bb2 f6 15. O-O Rb8 16. Bc3 c5 17. Rae1 Qg4 18. Qxg4 Bxg4 19. f4 Nd7 20. Bd5+ Kh8 21. Nf3 Bxf3 22. Rxf3 Bd6 23. Bc6 Rfd8 24. Kf2 Kg8 25. Rd3 Rb6 26. Bd5+ Kf8 27. Be6 Ra6 28. Rd2 Ke7 29. Bd5 Re8 30. g4 Kd8 31. f5 h6 32. Kf3 Rh8 33. Be4 Ke7 34. Rg1 Nb8 35. Rdg2 Nc6 36. Bxc6 Rxc6 37. Ke4 Kd7 38. Rd1 Rb6 39. Be1 Kc6 40. Rd5 Rbb8 41. Rb2 Rb7 42. Ba5 Rg8 43. Rd3 Be7 44. Rbd2 Bd6 45. Rh2 Rh8 46. Be1 Rbb8 47. Rb2 Be7 48. Rbd2 Bd6 49. Rg2 Be7 50. Bc3 Bd6 51. Bd2 Be7 52. Be3 Bd6 53. Rb2 Rb7 54. Rd1 Be7 55. Rdb1 Bd6 56. a3 Rhb8 57. Bd2 a6 58. b4 cxb4 59. axb4 Be7 60. Bc3 Bd6 61. Bd2 Be7 62. Be1 Rd8 63. Bc3 Rdb8 64. Bd2 Kd7 65. Bc3 Kc6 66. Be1 Kd7 67. Bc3 Kc6 68. Be1 1/2-1/2

[Event "ETCC Open 2023"]
[Site "Budva"]
[Date "2023.11.17"]
[Round "6.24"]
[White "Balog, Imre"]
[Black "Socko, Bartosz"]
[Result "1/2-1/2"]
[WhiteElo "2617"]
[BlackElo "2545"]
[Annotator "TA"]
[PlyCount "91"]
[EventDate "2023.11.10"]
[EventType "team-tourn"]
[EventCountry "MNE"]
[SourceTitle "playchess.com"]
[Source "ChessBase"]
[SourceQuality "1"]
[WhiteTeam "Hungary"]
[BlackTeam "Poland"]
[WhiteTeamCountry "HUN"]
[BlackTeamCountry "POL"]

1. d4 Nf6 2. c4 e6 3. Nc3 Bb4 4. e3 O-O 5. Bd2 d5 6. Nf3 b6 7. cxd5 exd5 8. Rc1 a6 9. Bd3 Bb7 10. O-O Nbd7 11. Ne5 Qe7 12. f4 c5 13. Be1 Bxc3 14. Bxc3 Rfe8 15. Bf5 Nf8 16. Qb3 Bc8 17. Bb1 Qb7 18. dxc5 bxc5 19. Qa3 Qe7 20. Rfe1 Bb7 21. Ba5 N8d7 22. Nxd7 Nxd7 23. Bf5 Rac8 24. Qd3 g6 25. Bg4 h5 26. Bf3 Nf6 27. b3 Ne4 28. h3 Qf6 29. Red1 Re6 30. Be1 Rce8 31. b4 d4 32. exd4 cxd4 33. Qxd4 Qxf4 34. Bc3 f6 35. Re1 Qg3 36. Bxe4 Rxe4 37. Rxe4 Bxe4 38. Qf2 Qxf2+ 39. Kxf2 Rc8 40. a4 Kf7 41. g3 f5 42. Ke3 Ke6 43. Kd4 g5 44. Ke3 Rc4 45. Bd2 Rxc1 46. Bxc1 1/2-1/2

[Event "ETCC Open 2023"]
[Site "Budva"]
[Date "2023.11.17"]
[Round "6.25"]
[White "Theodorou, Nikolas"]
[Black "Radjabov, Teimour"]
[Result "1-0"]
[WhiteElo "2619"]
[BlackElo "2745"]
[Annotator "TA"]
[PlyCount "37"]
[EventDate "2023.11.10"]
[EventType "team-tourn"]
[EventCountry "MNE"]
[SourceTitle "playchess.com"]
[Source "ChessBase"]
[SourceQuality "1"]
[WhiteTeam "Greece"]
[BlackTeam "Azerbaijan"]
[WhiteTeamCountry "GRE"]
[BlackTeamCountry "AZE"]

1. e4 e5 2. Nf3 Nf6 3. d4 Nxe4 4. dxe5 Bc5 5. Bc4 Nxf2 6. Bxf7+ Kxf7 7. Qd5+ Kg6 8. Qxc5 Nxh1 9. Nc3 h6 10. Nd5 Re8 11. Qd4 Kh7 12. Bxh6 gxh6 13. O-O-O Re6 14. Nf6+ Kh8 15. Nh4 d6 16. Qf4 Kg7 17. Qg4+ Kh8 18. Ng6+ Kg7 19. Nf8+ 1-0

[Event "ETCC Open 2023"]
[Site "Budva"]
[Date "2023.11.17"]
[Round "6.26"]
[White "Mamedyarov, Shakhriyar"]
[Black "Mastrovasilis, Dimitrios"]
[Result "1/2-1/2"]
[WhiteElo "2734"]
[BlackElo "2573"]
[Annotator "TA"]
[PlyCount "176"]
[EventDate "2023.11.10"]
[EventType "team-tourn"]
[EventCountry "MNE"]
[SourceTitle "playchess.com"]
[Source "ChessBase"]
[SourceQuality "1"]
[WhiteTeam "Azerbaijan"]
[BlackTeam "Greece"]
[WhiteTeamCountry "AZE"]
[BlackTeamCountry "GRE"]

1. Nf3 d5 2. e3 Nf6 3. c4 e6 4. b3 b6 5. Bb2 Bb7 6. cxd5 exd5 7. g3 Nbd7 8. Bg2 Bd6 9. Nd4 g6 10. O-O O-O 11. Nc3 a6 12. Nde2 Qe7 13. Nf4 c6 14. Re1 Rfe8 15. Rc1 Ba3 16. Bxa3 Qxa3 17. d4 a5 18. h4 Qd6 19. g4 Re7 20. g5 Ne4 21. Nxe4 dxe4 22. Qg4 Nf8 23. Red1 Rd8 24. Ne2 Bc8 25. Qg3 Bf5 26. Rc2 Ne6 27. Qxd6 Rxd6 28. Ng3 c5 29. Bxe4 Nxd4 30. Rxd4 cxd4 31. Bxf5 dxe3 32. fxe3 Rxe3 33. Ne4 Rd1+ 34. Kf2 Ree1 35. Rc8+ Kg7 36. Bg4 Rc1 37. Re8 h6 38. Bh3 hxg5 39. hxg5 b5 40. Bg2 Ra1 41. Rb8 Rxe4 42. Bxe4 Rxa2+ 43. Ke3 a4 44. b4 Rb2 45. Rxb5 a3 46. Ra5 a2 47. Bd5 Rxb4 48. Bxa2 Rb7 49. Ra8 Rb5 50. Kf4 Rb4+ 51. Ke3 Rb5 52. Ra7 Rxg5 53. Rxf7+ Kh6 54. Bb1 Rg1 55. Be4 Kg5 56. Rf8 Ra1 57. Rf2 Ra3+ 58. Kd4 Ra4+ 59. Ke5 Ra5+ 60. Bd5 Ra4 61. Rb2 Ra1 62. Rg2+ Kh6 63. Bc4 Ra5+ 64. Bd5 Ra1 65. Rg3 Ra5 66. Ke6 Kg7 67. Rb3 Ra6+ 68. Ke7 Ra7+ 69. Bb7 Ra1 70. Rb4 Re1+ 71. Be4 Re2 72. Ra4 Re1 73. Ke6 Re2 74. Ke5 Re1 75. Ra3 Rf1 76. Ra6 Rg1 77. Ra7+ Kh6 78. Rb7 Kg5 79. Rh7 Ra1 80. Rh2 Ra6 81. Rh1 Rb6 82. Bd5 Ra6 83. Rg1+ Kh6 84. Be6 Kg7 85. Bc4 Rc6 86. Bd3 Rb6 87. Rxg6+ Rxg6 88. Bxg6 Kxg6 1/2-1/2

[Event "ETCC Open 2023"]
[Site "Budva"]
[Date "2023.11.17"]
[Round "6.27"]
[White "Papaioannou, Ioannis"]
[Black "Abasov, Nijat"]
[Result "1/2-1/2"]
[WhiteElo "2623"]
[BlackElo "2679"]
[Annotator "TA"]
[PlyCount "73"]
[EventDate "2023.11.10"]
[EventType "team-tourn"]
[EventCountry "MNE"]
[SourceTitle "playchess.com"]
[Source "ChessBase"]
[SourceQuality "1"]
[WhiteTeam "Greece"]
[BlackTeam "Azerbaijan"]
[WhiteTeamCountry "GRE"]
[BlackTeamCountry "AZE"]

1. d4 Nf6 2. c4 e6 3. g3 d5 4. Bg2 dxc4 5. Qa4+ Nbd7 6. Qxc4 c5 7. Nf3 a6 8. Qc2 b5 9. Ne5 Nd5 10. Bxd5 exd5 11. Nxd7 Qxd7 12. dxc5 Bb7 13. Nd2 d4 14. f3 a5 15. a3 Be7 16. O-O O-O 17. Rb1 b4 18. axb4 axb4 19. Ne4 Rfe8 20. Bd2 Rac8 21. Bxb4 Bxe4 22. fxe4 Qb5 23. Ba3 Bxc5 24. Qd3 Qb7 25. Bxc5 Rxc5 26. Qxd4 Rce5 27. Rf4 h6 28. b4 g5 29. Rf2 Rxe4 30. Qf6 Rxe2 31. Rbf1 Rxf2 32. Qxf2 Re4 33. b5 Re5 34. Qf6 Rxb5 35. Qd8+ Kh7 36. Qd3+ Kg8 37. Qd8+ 1/2-1/2

[Event "ETCC Open 2023"]
[Site "Budva"]
[Date "2023.11.17"]
[Round "6.28"]
[White "Durarbayli, Vasif"]
[Black "Kourkoulos-Arditis, Stamatis"]
[Result "*"]
[WhiteElo "2625"]
[BlackElo "2543"]
[Annotator "TA"]
[PlyCount "88"]
[EventDate "2023.11.10"]
[EventType "team-tourn"]
[EventCountry "MNE"]
[SourceTitle "playchess.com"]
[Source "ChessBase"]
[SourceQuality "1"]
[WhiteTeam "Azerbaijan"]
[BlackTeam "Greece"]
[WhiteTeamCountry "AZE"]
[BlackTeamCountry "GRE"]

1. e4 e5 2. Nf3 Nc6 3. Bb5 a6 4. Ba4 Nf6 5. O-O Bc5 6. c3 b5 7. Bb3 d6 8. d4 Bb6 9. a4 Bg4 10. h3 Bh5 11. Bg5 Rb8 12. axb5 axb5 13. Nbd2 O-O 14. Bd5 Ne7 15. Ba2 Bxf3 16. Qxf3 exd4 17. Bxf6 gxf6 18. Qxf6 Ng6 19. Qf5 dxc3 20. bxc3 Qh4 21. Nf3 Qf4 22. Rae1 Ra8 23. Bb3 Ra3 24. Rb1 Qxf5 25. exf5 Nf4 26. Rfe1 Nd3 27. Re2 Kg7 28. Ng5 Rxb3 29. Rxb3 Nc1 30. Reb2 Nxb3 31. Rxb3 h6 32. Nf3 Ra8 33. g4 Ra2 34. Nd4 Bxd4 35. cxd4 Ra5 36. d5 Kf6 37. f4 b4 38. Rxb4 Rxd5 39. Kg2 c5 40. Rb6 c4 41. Rc6 Rd4 42. Kf3 Rd3+ 43. Ke4 Rxh3 44. Rxd6+ Kg7 *